000
00307nam a22001337a 4500
082
_a
823
_b
OLD/M
100
_a
OLDFIELD, JENNY
245
_a
MY MAGICAL PONY
246
_a
MY MAGICAL PONY
_b
MY MAGICAL PONY
260
_a
U K
_b
HODDER CHILDREN
_c
2007
300
_a
142
650
_a
ENGLISH FICTION
942
_c
BK
999
_c
8770
_d
8770